Sports Quiz

Random Sports or Asia Quiz
Score 0/82 Timer 15:00
0 Plays Today
% Correct
Kenneth Mungara
44.1%
Kenneth Mungara
44.1%
Kenneth Mungara
44.1%
Anna Thompson
37.3%
Laurie Adams
30.5%
Laurie Adams
30.5%
Sylvia Rose
25.4%
Julie Rose
25.4%
Fred Kiprop
22%
Fred Kiprop
22%
Pat Carroll
22%
Pat Carroll
22%
Pat Carroll
22%
Pat Carroll
22%
Yuta Shitara
20.3%
Takuya Noguchi
16.9%
Silah Limo
15.3%
Dickson Marwa
13.6%
Dickson Marwa
13.6%
Rodah Tanui
13.6%
Margaret Reddan
13.6%
Margaret Reddan
13.6%
Margaret Reddan
13.6%
Margaret Reddan
13.6%
Yuki Kawauchi
11.9%
Misato Horie
11.9%
Ruth Chebitok
11.9%
Brad Camp
11.9%
% Correct
Andrew Lloyd
11.9%
Lee Troop
10.2%
Samantha Hughes
10.2%
Jennifer Gillard
10.2%
Risa Takenaka
10.2%
Peter Mitchell
10.2%
Alemayehu Shumye
8.5%
Shireen Crumpton
8.5%
Jackie Fairweather
8.5%
Shireen Crumpton
8.5%
Lauren Shelley
8.5%
Kaori Yoshida
8.5%
Kaori Yoshida
8.5%
Yukiko Akaba
8.5%
Asami Kato
8.5%
Jane Salumäe
8.5%
Susan Hobson
8.5%
Rhonda Bushby
8.5%
Eric Sigmont
8.5%
Mary Murison
8.5%
Mary Murison
8.5%
Joseph Kahugu
6.8%
Phil Costley
6.8%
Roderic De Highden
6.8%
Gemechu Woyecha
6.8%
Toyokazu Yoshimura
6.8%
Kazuo Ietani
6.8%
William Chebor
6.8%
% Correct
James Mbugua
6.8%
Nicholas Kamakya
6.8%
Hiromi Igarishi
6.8%
Yuko Arimori
6.8%
Saori Kawai
6.8%
Ayumi Hayashi
6.8%
Abebech Afework
6.8%
Magnus Michelsson
6.8%
Roderic De Highden
6.8%
Hajime Nakatomi
6.8%
Sean Quilty
6.8%
Katsumi Kitajima
6.8%
Shinji Kawashima
6.8%
Hiromi Satoyama
6.8%
Yuko Yamazoe
6.8%
Erico Asai
6.8%
Mari Tanagawa
6.8%
Jackie Hallam
6.8%
Allan Carman
6.8%
Alain Lazare
6.8%
Rod Lyons
6.8%
Jan Fedrick
6.8%
Ngairie Drake
6.8%
Janet McAfee
6.8%
Jill Colwell
6.8%
Goitetom Haftu
5.1%
Remove Ads.
Support Sporcle.
Get the best of Sporcle when you Go Orange. This ad-free experience offers more features, more stats, and more fun while also helping to support Sporcle. Thank you for becoming a member.

You're not logged in!

Compare scores with friends on all Sporcle quizzes.
OR
Log In

Sporcle TV

Today on Sporcle TV


Watch our educational content, quiz creation guides, and fun videos on Sporcle TV.

Show Comments

Extras

Top Quizzes Today


Score Distribution

Paid Content

Your Account Isn't Verified!

In order to create a playlist on Sporcle, you need to verify the email address you used during registration. Go to your Sporcle Settings to finish the process.

Report this User

Report this user for behavior that violates our Community Guidelines.

Details: